000 00323nam a2200133Ia 4500
008 100328s9999 xx 000 0 und d
082 _b56328
100 _aTannahill Reay
245 _aReturn Of The Stranger
260 _bOrion
630 _aReturn Of The Stranger
730 _aReturn Of The Stranger
942 _cBOOK
999 _c542904
_d542901